000 006070000a22001930004500
090 _aAR
_b00624
245 1 0 _aDesign and construction of a tethered. Floating radio-tag assembly for manatees
650 1 4 _aMamíferos acuáticos
_993274
650 1 4 _aTelemetría
_98621
650 1 4 _aRadiotrasmisores
_993722
651 4 _dFlorida
_pEstados Unidos
_992749
653 _gTrichechus
_eTrichechus manatus
_vmanatí
041 0 _aInglés
700 1 _aReid, James P.
_993313
700 1 _aBourassa, Jean B.
_993723
100 1 _aRathbun, Galen B.
_993293
942 _cARTICULO
773 1 _tPreprint
_33
_q1-48
_d1985?
999 _c9716
_d9716